000 00588nam a2200205 i 4500
001 100627
003 ES-MaACL
005 20230906182718.0
007 t|
008 050930s1922 sp ||||1| spa d
100 1 _aMata, Pedro,
_d1875-1946
_978887
245 1 0 _aTeatro trágico
_b; En la boca del lobo ; La Goya ; Uno menos /
_cPedro Mata.
260 _aMadrid :
_b[s.n.],
_c1922 (
_fImp. Helénica)
300 _a262 p. ;
_c20 cm.
740 0 _aEn la boca del lobo.
740 3 _aLa Goya.
740 0 _aUno menos.
852 _aES-MaACL
_jF-5121
999 _c100627
_d100627